000 00536nam a2200193Ia 4500
005 20250326144846.0
008 250326s9999 xx 000 0 und d
020 _a0-19-929222-1
037 _aTextbook
040 _aFMSL
_beng
_cFMSL
041 _aeng
_2eng
084 _aX:8 P6
_qFMSL
100 _aDelbridge Rick
_9750212
245 0 _aExceptional manager:making the difference
_cDelbridge Rick And Others
260 _aNY
_bNY, Oxford
_c2006
300 _axx,264
942 _cTB
_hX:8 P6
999 _c1305340
_d1305340